000 02738nam0a2200385 4500
001 RU\NLR\BIBL_A\012932476
005 20230117152134.0
010 _a978-5-227-09636-4
_91500
021 _aRU
_bКН-П-22-066014
_9КН-П-22-5728
035 _a(NLR Aleph) 012932476
035 _a(RuMoRGB)011236882
090 _a12678921
_c12678921
100 _a20221107d2022 u y0rusy50 ca
101 0 _arus
102 _aRU
105 _aab||z|||000zy
181 0 _ai
_baxxe
182 0 _an
200 1 _aПоследние дни обороны Севастополя
_eнеизвестные страницы знаменитой битвы, июнь - июль 1942 г.
_fАлександр Неменко
203 _aТекст
_bвизуальный
_cнепосредственный
210 _aМосква
_cЦентрполиграф
_d2022
215 _a317, [2] с., [12] л. ил., карты
_d21
225 1 _aНа линии фронта
_iПравда о войне
330 _aДатой окончания обороны Севастополя традиционно принято считать 3 июля 1942 года, когда в сводке Совинформбюро прозвучала информация о том, что советские войска оставили город. Однако работа с документами привела автора этой книги к однозначному выводу: Севастополь сражался еще около двух недель после означенной даты - по крайней мере, до второй декады июля, когда врагом были подавлены последние очаги организованной обороны. Советские войска не оставили город, они остались в Севастополе. В донесении командующего Севастопольским оборонительным районом Ф. С. Октябрьского содержатся слова: "Оставшиеся войска сильно устали, дрогнули". Но, как выяснилось, это не совсем так
333 _a16+
606 1 _aСевастопольская оборона
_z1941 - 1942
_91225011
_3RU\NLR\AUTH\66180702
675 _a355.48(47+57)"1941/1945"
_v4
686 _a63.3(2)622
_2rubbks
686 1 _aЦ35(2)722.213.3
686 1 _aТ3(2)722.111.7
700 1 _7ca
_8rus
_aНеменко
_bА. В.
_f1966-
_gАлександр Валерьевич
_9237313
_3RU\NLR\AUTH\770237369
942 _cBOOK
980 _aNB